Gonzalo Hispano y la crisis de la filosofía del siglo XIV /
| Otros Autores: | , , |
|---|---|
| Formato: | Electrónico eBook |
| Lenguaje: | español italiano latín |
| Publicado: |
Pamplona, España :
EUNSA, Ediciones Universidad de Navarra,
[2017]
|
| Colección: | Colección de pensamiento medieval y renacentista ;
núm. 177. |
| Materias: | |
| Acceso en línea: | Digitalia Hispánica |
MARC
| LEADER | 00000nam a2200000Ii 4500 | ||
|---|---|---|---|
| 001 | DIGEDUNAV0423 | ||
| 003 | NyNyDIG | ||
| 006 | m o d | ||
| 007 | cr ||||||||||| | ||
| 008 | 220610s2017 sp a ob 000 0 spa d | ||
| 035 | |a (OCoLC)1019654132 | ||
| 040 | |a DGITA |b eng |e rda |e pn |c DGITA | ||
| 020 | |z 9788431331894 | ||
| 041 | 0 | |a spa |a ita |a lat | |
| 050 | 1 | 4 | |a B72 ebook |
| 245 | 0 | 0 | |a Gonzalo Hispano y la crisis de la filosofía del siglo XIV / |c Manuel Lázaro Pulido, Francisco León Florido, David González Ginocchio, (editores) |
| 264 | 1 | |a Pamplona, España : |b EUNSA, Ediciones Universidad de Navarra, |c [2017] | |
| 300 | |a 1 online resource : |b illustrations. | ||
| 336 | |a text |b txt |2 rdacontent | ||
| 337 | |a computer |b c |2 rdamedia | ||
| 338 | |a online resource |b cr |2 rdacarrier | ||
| 347 | |a text file |2 rdaft | ||
| 347 | |b PDF | ||
| 490 | 1 | |a Colección de pensamiento medieval y renacentista ; |v no. 177 | |
| 504 | |a Includes bibliographical references. | ||
| 546 | |a Text in Spanish, Italian and Latin. | ||
| 588 | 0 | |a Online resource; title from PDF title page (Digitalia, viewed June 10, 2022) | |
| 600 | 0 | 0 | |a Gonsalvus, |c Hispanus, |d -1313. |
| 650 | 0 | |a Middle Ages |x Philosophy. | |
| 650 | 0 | |a Philosophy, Medieval. | |
| 655 | 0 | |a Electronic books. | |
| 700 | 1 | |a Lázaro Pulido, Manuel, |d 1970- |e editor. | |
| 700 | 1 | |a Léon, Francisco, |e editor. | |
| 700 | 1 | |a González Ginocchio, David, |e editor. | |
| 791 | 2 | |a Digitalia (Firm), |e distributor. | |
| 793 | 0 | |g Digitalia eBook Collection: |a Ediciones Universidad de Navarra | |
| 776 | 0 | 8 | |i Print version: |t Gonzalo Hispano y la crisis de la filosofía del siglo XIV. |d Pamplona, España : EUNSA, Ediciones Universidad de Navarra, [2017] |z 9788431331894 |
| 830 | 0 | |a Colección de pensamiento medieval y renacentista ; |v núm. 177. | |
| 856 | 4 | 0 | |3 Digitalia Hispánica |u https://www.digitaliapublishing.com/a/51668/ |
| 910 | |a Premium collection: 2022 | ||


